000 00367nam a22001457a 4500
020 _a0716102765
082 _a658.1554FRO
100 _aFROST,M. J.
245 _aHow to use cost benefit analysis in project appraisal
250 _a2nd ed.
260 _aBritain
_bGower press
_c1979
300 _axiv,202p.
_bill.:charts,tables,26cm
500 _aindex
942 _cBK
999 _c18780
_d18780